SMM7 : a code of procedure for measurement of building works (Record no. 91729)

MARC details
000 -LEADER
fixed length control field 01012cam a2200253 4500
008 - FIXED-LENGTH DATA ELEMENTS--GENERAL INFORMATION
fixed length control field 090401t1988 xxu||||| |||| 00| 0 eng d
020 ## - INTERNATIONAL STANDARD BOOK NUMBER
International Standard Book Number 0854063617
035 ## - SYSTEM CONTROL NUMBER
System control number (Sirsi) u45464
041 ## - LANGUAGE CODE
Language code of text/sound track or separate title eng
050 ## - LIBRARY OF CONGRESS CALL NUMBER
Classification number 692.3
110 ## - MAIN ENTRY--CORPORATE NAME
Corporate name or jurisdiction name as entry element Royal Institution of Chartered Surveyors
9 (RLIN) 4900
245 ## - TITLE STATEMENT
Title SMM7 : a code of procedure for measurement of building works
Medium [archived]
260 ## - PUBLICATION, DISTRIBUTION, ETC.
Place of publication, distribution, etc. London
Name of publisher, distributor, etc. Royal Institution of Chartered Surveyors
Date of publication, distribution, etc. 1988
300 ## - PHYSICAL DESCRIPTION
Extent 58p. ; 30cm.
350 ## - PRICE (NR) (BK AM CF MU VM SE) [OBSOLETE]
Price 7.5
490 ## - SERIES STATEMENT
Series statement Co-ordinated Project Information
520 ## - SUMMARY, ETC.
Summary, etc. Archived in March 2012 and superseded by NRM2
650 ## - SUBJECT ADDED ENTRY--TOPICAL TERM
Topical term or geographic name entry element CO-ORDINATING COMMITTEE FOR PROJECT INFORMATION
650 ## - SUBJECT ADDED ENTRY--TOPICAL TERM
Topical term or geographic name entry element BUILT ENVIRONMENT-QUANTITY SURVEYING-STANDARD METHOD OF MEASUREMENT
710 ## - ADDED ENTRY--CORPORATE NAME
Corporate name or jurisdiction name as entry element Building Employers Confederation
9 (RLIN) 1705
856 ## - ELECTRONIC LOCATION AND ACCESS
Uniform Resource Identifier <a href="https://www.isurv.com/downloads/download/1232/smm7_standard_method_of_measurement_of_building_works_archived">https://www.isurv.com/downloads/download/1232/smm7_standard_method_of_measurement_of_building_works_archived</a>
Public note archived on isurv (subscription required)
942 ## - ADDED ENTRY ELEMENTS (KOHA)
Suppress in OPAC 0
Source of classification or shelving scheme Dewey Decimal Classification
948 ## - LOCAL PROCESSING INFORMATION (OCLC); SERIES PART DESIGNATOR (RLIN)
c (OCLC) 04/03/1997
Holdings
Withdrawn status Lost status Source of classification or shelving scheme Damaged status Not for loan Home library Current library Shelving location Date acquired Cost, normal purchase price Total Checkouts Full call number Barcode Date last seen Copy number Cost, replacement price Price effective from Koha item type Date last checked out
    Dewey Decimal Classification     London London Boxed set 14/09/1999 7.50   SMM 1988/2D 30032310 06/08/2019 1 7.50 06/08/2019 Reference material  
    Dewey Decimal Classification     London London Boxed set 14/09/1999 7.50 1 SMM 1988/2D 30032314 06/08/2019 2 7.50 06/08/2019 Book 13/12/2006
    Dewey Decimal Classification     London London Boxed set 14/09/1999 7.50 2 SMM 1988/2D 30032315 06/08/2019 3 7.50 06/08/2019 Book 03/12/2002
    Dewey Decimal Classification     Virtual Virtual Online 17/11/2023     isurv   17/11/2023 4   17/11/2023 Online material